Statistics for Countries Most Similar To Portugal

Click here to take the quiz!

General Stats

  • This quiz has been taken 178 times
  • The average score is 11 of 20

Answer Stats

RankCountryScore% Correct
1Spain85.7
99%
3France79.8
95%
2Italy80.8
95%
4Greece78.0
84%
13Germany73.6
75%
7Belgium76.5
61%
5Croatia77.8
60%
6Poland76.7
59%
19Ireland71.5
54%
18Netherlands72.1
54%
12Austria74.6
53%
8Slovenia75.9
52%
11Romania74.9
51%
10Slovakia75.1
45%
14Czech Republic73.1
44%
9Luxembourg75.7
44%
17Bulgaria72.3
37%
16Hungary72.8
36%
20Montenegro71.3
20%
15Lithuania73.0
15%

Score Distribution

Percentile by Number Answered

Percent of People with Each Score

Your Score History

You have not taken this quiz